Decoración de objetos de cerámica (Registro nro. 14621)

Detalles MARC
000 -CABECERA
Longitud fija campo de control 00623nam a2200193 a 4500
003 - • IDENTIFICADOR DELl NÚMERO DE CONTROL
Identificador del número de control CO-ViMGA
008 - • CÓDIGOS DE INFORMACIÓN DE LONGITUD FIJA
Códigos de información de longitud fija 141112s2004 ck r 000 u spa d
040 ## - FUENTE DE LA CATALOGACIÓN
Centro catalogador de origen CO-ViMGA
Lengua de catalogación spa
Centro transcriptor CO-ViMGA
082 04 - • NÚMERO DE LA CLASIFICACIÓN DECIMAL DEWEY
Número de clasificación (R) 738.15 S245
100 1# - • PUNTO DE ACCESO PRINCIPAL-NOMBRE DE PERSONA
Nombre de persona Schmitt Menzel, Isol de
245 10 - • TITULO PROPIAMENTE DICHO
Título Decoración de objetos de cerámica
300 ## - • DESCRIPCIÓN FÍSICA
Extensión 46 p : il
490 ## - • MENCIÓN DE SERIE
Mención de serie Cómo hacerlo, 48
505 ## - • NOTA DE CONTENIDO CON FORMATO
Nota de contenido con formato Cerámica para decorar 6 - - Hornos para cerámica 14 Vasos numerados 20 - - Florero redondo 36 - - Un plato navideño 46
650 14 - • PUNTO DE ACCESO ADICIONAL DE MATERIA - TÉRMINO DE MATERIA
Término de materia o nombre geográfico como elemento inicial CERAMICA - DECORACION
942 ## - ENTRADA DE ELEMENTOS AGREGADOS (KOHA)
Fuente de clasificaión o esquema Dewey Decimal Classification
Koha [por defecto] tipo de item LIbro

No hay ítems disponibles.










Instituto Departamental de Cultura del Meta - Red Departamental de Bibliotecas Públicas del Meta.